Asian landlocked Countries - Statistics

General Stats
  • This quiz has been taken 407 times
  • The average score is 11 of 12
Answer Stats
Hint Answer % Correct
8 Mongolia
97%
9 Nepal
93%
10 Tajikistan
92%
12 Uzbekistan
92%
1 Afghanistan
91%
4 Bhutan
90%
11 Turkmenistan
90%
7 Laos
89%
5 Kazakhstan
86%
2 Armenia
85%
6 Kyrgyzstan
81%
3 Azerbaijan
79%
No matching quizzes found
Score Distribution
Percent of People with Each Score
Percentile by Number Answered
Your Score History
You have not taken this quiz